1801 1905 1554 1128 1402 1278 1099 1757 1327 1149 1730 1089 1552 1518 1014 1395 1279 1058 1491 1477 1863 1459 1588 1187 1035 1802 1947 1884 1437 1753 1016 1265 1448 1129 1510 1833 1362 1335 1508 1865 1860 1308 1558 1305 1593 1446 1206 1907 1034 1594 1643 1918 1717 1954 1776 1768 1484 1442 1266 1036 1805 1470 1193 1666 1412 1773 1685 1058 1945 1627 1830 1356 1469 1356 1545 1595 1875 1361 1441 1295 1286 1907 1760 1373 1978 1424 1393 1121 1579 1597 1870 1474 1257 1812 1863 1550 1176 1120 1422 BCNSPRNW ULIB Ver.6.0+V

เปลี่ยนเป็นภาษาไทย

Change to English
 แสดงรายละเอียดบรรณานุกรม
  กลับหน้าหลัก

Brief Record : Get Marc (ISO 2709) : E-mail record : QR code < ปิดหน้าต่าง
LEADER : 00000nam 2200000uu 4500
001    13399121656
003     ULIB
008    121128s2552||||th 000 0 tha d
020    ^a9786117020018
060  4 ^aWS103^bม319พ
100 0  ^aมัจฉรานี พุ่มสุวรรณ
245 00 ^aพัฒนาการของทารกและเด็ก=^bGrowth and development/^cมัจฉรานี พุ่มสุวรรณ แปลและเรียบเรียง
246 0  ^aGrowth and development
250    ^aพิมพ์ครั้งที่ 5
260    ^aกรุงเทพฯ:^bข้าวฝ้าง,^c2552
300    ^a153 หน้า:^bภาพประกอบ
650  7 ^aพัฒนาการของเด็ก
700 0  ^aประพุทธ ศิริปุณย์,^eบรรณาธิการ
945    ^p135^l0^i17112
945    ^p135^l0^i17113
995    ^aวิภา
999 ^a ใช้งานได้ทุกระบบ
รายการนี้ยังไม่มีแท็ก
คุณยังไม่ได้ล็อกอิน คุณสามารถมีกิจกรรมร่วมกับเว็บไซต์ได้ แต่ต้องล็อกอินก่อน ::
  ล็อกอิน

รายการสื่อสารสนเทศ

ลำดับที่ ประเภท เลขเรียก/บาร์โค้ด สถานที่ สถานะ
- ไม่พบข้อมูล -

รายการใกล้เคียง
    ผู้แต่ง [มัจฉรานี พุ่มสุวรรณ]

    หัวเรื่อง [พัฒนาการของเด็ก]

BibComment


ยังไม่เคยถูกคอมเมนท์

คอมเมนท์ทรัพยากรรายการนี้
  คอมเมนท์: พัฒนาการของทารกแ..


 Copyright 2026. Bcnsprnw @Library